Historia Polski - prawda czy fałsz? #1 - Statystyki

Ogólne statystyki
  • Ten quiz został rozwiązany 455 razy
    445 od ostatniego zresetowania
  • Średni wynik to 11 z 15
Statystyki odpowiedzi
Zagadnienie Odpowiedź % Poprawnych
Polska wygrała bitwę pod Grunwaldem. Prawda
94%
Powstanie Warszawskie rozpoczęło się 1.08.1944r. Prawda
94%
Bolesław Chrobry był synem Mieszka I. Prawda
93%
Hymn "Mazurek Dąbrowskiego" napisał Józef Wybicki. Prawda
93%
Stan wojenny w Polsce wprowadził Wojciech Jaruzelski. Prawda
91%
Kazimierz Wielki zbudował Akademię Krakowską. Prawda
83%
Pierwszym królem elekcyjnym był Władysław Jagiełło. Fałsz
81%
Potop Szwedzki trwał niecały rok. Fałsz
81%
I Rozbiór Polski miał miejsce w 1776 roku. Fałsz
75%
Unia Krewska została zawarta w 1378 roku. Fałsz
71%
Gabriel Narutowicz był prezydentem Polski tylko przez 5 dni. Prawda
70%
Stolicą Generalnego Gubernatorstwa była Warszawa. Fałsz
54%
Powstanie styczniowe rozpoczęło się i zakończyło w 1863 roku. Fałsz
53%
Pierwszym prezydentem 3 RP był Lech Wałęsa. Fałsz
46%
Ojczystym językiem Kopernika był niemiecki. Prawda
37%
Nie znaleziono quizów pasujących do podanych kryteriów
Rozkład punktacji
Procent ludzi z każdym wynikiem
Percentyl według liczby udzielonych odpowiedzi
Twoja historia wyników
Nie rozwiązałeś tego quizu od ostatniego zresetowania